| 000 | 00503nam a2200181Ia 4500 | ||
|---|---|---|---|
| 999 |
_c27326 _d27326 |
||
| 003 | OSt | ||
| 005 | 20260305115422.0 | ||
| 008 | 190216s9999||||xx |||||||||||||| ||und|| | ||
| 020 | _a8171307000 | ||
| 040 | _coclc | ||
| 082 |
_a894.8123 _bDAS/M |
||
| 100 |
_aDas, Kamala _95366 |
||
| 245 | 0 |
_aMadhavikuttiyute Moonnu Novelukal / _cKamala Das |
|
| 260 |
_bD C Books, _aKottayam: _c1997. |
||
| 300 | _a80p | ||
| 650 | _aNovel | ||
| 942 |
_cBK _2ddc _h894.8123 _iDAS/M _k894.8123 _mDAS/M |
||